Croatia... or Czechia? - Statistics

General Stats
  • This quiz has been taken 2,607 times
    2,306 since last reset
  • The average score is 11 of 15
Answer Stats
Question Answer % Correct
Borders the Adriatic Sea Croatia
98%
Is called Česko in its country’s official language Czechia
95%
Used to be part of Yugoslavia Croatia
94%
It’s flag consists of the colors red, white and blue Both
85%
Is the larger of the two by area Czechia
80%
It’s capital is also it largest city Both
79%
Receive more tourists out of the two Croatia
76%
Game of Thrones was filmed in this country Croatia
76%
It’s government is a parliamentary republic Both
74%
Has one of the 10 highest alcohol consumption rates per capita in the world Czechia
67%
Has made it to the FIFA World Cup finals before Croatia
66%
Became a country in the early 1990s (1990-1993) Both
63%
Extends further to the east Croatia
58%
Borders 4 other countries Czechia
50%
Has a population density of less than 100 people per square kilometer Croatia
47%
No matching quizzes found
Score Distribution
Percent of People with Each Score
Percentile by Number Answered
Your Score History
You have not taken this quiz since the last reset